Normal view
MARC view
- Shiladitya chatterjee
Entry Personal Name
001 - CONTROL NUMBER
- control field: 35686
003 - CONTROL NUMBER IDENTIFIER
- control field: OSt
005 - DATE AND TIME OF LATEST TRANSACTION
- control field: 20260604102033.0
008 - FIXED-LENGTH DATA ELEMENTS
- fixed length control field: 260604|| aca||aabn | a|a d
040 ## - CATALOGING SOURCE
- Original cataloging agency: OSt
- Transcribing agency: OSt
100 ## - HEADING--PERSONAL NAME
- Personal name: Shiladitya chatterjee
670 ## - SOURCE DATA FOUND
- Source citation: Work cat.: (OSt)8510: Shiladitya chatterjee, Inclusive Economic Growth in India